LIBRARY & INFORMATION CENTRE, KCAET, TAVANUR

ONLINE PUBLIC ACCESS CATALOGUE (OPAC)

Phonons in condensed matter physics / (Record no. 7422)

MARC details
000 -LEADER
fixed length control field 00545cam a2200217ua 4500
020 ## - INTERNATIONAL STANDARD BOOK NUMBER
ISBN 81-224-0086-8
041 ## - LANGUAGE CODE
Language code of text/sound track or separate title eng
082 ## - DEWEY DECIMAL CLASSIFICATION NUMBER
Classification number 530.41
Item number SIN/PH
100 ## - MAIN ENTRY--AUTHOR NAME
Personal name Singh, R K .
245 ## - TITLE STATEMENT
Title Phonons in condensed matter physics /
250 ## - EDITION STATEMENT
Edition statement 1 /
260 ## - PUBLICATION, DISTRIBUTION, ETC. (IMPRINT)
Place of publication New Delhi :
Name of publisher Wiley Eastern Ltd ,
Year of publication 1990.
300 ## - PHYSICAL DESCRIPTION
Number of Pages 266 ; .
500 ## - GENERAL NOTE
General note 20321, CSS
700 1# - ADDED ENTRY--PERSONAL NAME
Personal name Sanyal, S P .
942 ## - ADDED ENTRY ELEMENTS (KOHA)
Koha item type Books
Holdings
Withdrawn status Lost status Damaged status Home library Current library Date acquired Full call number Accession Number Koha item type Shelving location
      KAUAET KAUAET 07/04/2012 530.41 SIN/PH 19999 Books  
      KAUAET KAUAET 07/04/2012 530.41 SIN/PH 20321 Books Scheme
free website counter